000 00967cam a22003017a 4500
003 CHAP
005 20220329134224.0
008 971013s1965 r 00010 d
010 _a17193
011 _a18165
035 _a22250
040 _cCHAP
090 _aTesis
100 0 0 _aJiménez Sánchez, Ciro.
_961650
245 1 3 _aLa importancia de la apicultura en México
260 _aMéxico, D.F., :
_bEl autor,
_c1965
300 _a40 h.
_b: ilus
502 _aTesis (Médico Veterinario Zootecnista) -- UNAM. Escuela Nacional de Medicina Veterinaria y Zootecnia
590 _aALEPH
_b10
_c20130110
_lUCH01
_h1240
590 _aBATCH-UPD
_b10
_c20130110
_lUCH01
_h2112
590 _aBATCH-UPD
_b10
_c20130410
_lUCH01
_h1423
590 _aBATCH-UPD
_b10
_c20130914
_lUCH01
_h2021
590 _aCONVERSION
_b10
_c20130109
_lUCH01
_h1311
650 1 4 _aApicultura
_xMexico.
_96268
901 _aBK
942 _cTESIS
949 _bBC
_cTES
_d-52126
_eTS1
_h18474
_i22250
_si
999 _c17193
_d17193